Phân lập, nhận dạng và tuyển chọn các chủng vi khuẩn có khả năng phân giải cellulose từ đất. Bước đầu thử nghiệm trên một số phế phẩm nông nghiệp : Luận văn Thạc sĩ Sinh học Thực nghiệm /

সংরক্ষণ করুন:
গ্রন্থ-পঞ্জীর বিবরন
প্রধান লেখক: Nguyễn Thị Duyên.
অন্যান্য লেখক: Lê Thị Loan, TS. (hướng dẫn.)
বিন্যাস: গবেষণাপত্র
ভাষা:Vietnamese
প্রকাশিত: Đà Lạt : Trường Đại học Đà lạt, 2013.
বিষয়গুলি:
ট্যাগগুলো: ট্যাগ যুক্ত করুন
কোনো ট্যাগ নেই, প্রথমজন হিসাবে ট্যাগ করুন!
Thư viện lưu trữ: Thư viện Trường Đại học Đà Lạt
LEADER 01318nam a2200313 4500
001 DLU140165821
005 ##20141112
040 # # |a DLU  |b vie 
041 # # |a vie 
044 # # |a vn 
082 # # |a 579  |b NG-D 
100 # # |a Nguyễn Thị Duyên. 
245 # # |a Phân lập, nhận dạng và tuyển chọn các chủng vi khuẩn có khả năng phân giải cellulose từ đất. Bước đầu thử nghiệm trên một số phế phẩm nông nghiệp :  |b Luận văn Thạc sĩ Sinh học Thực nghiệm /  |c Nguyễn Thị Duyên; Lê Thị Loan hướng dẫn. 
260 # # |a Đà Lạt :  |b Trường Đại học Đà lạt,  |c 2013. 
300 # # |a 58 tr. :  |b minh hoạ ;  |c 29 cm. 
504 # # |a Tài liệu tham khảo: tr.58. 
505 # # |a Chương I. Tổng quan tài liệu -- Chương II. Vật liệu và phương pháp nghiên cứu -- Chương III. Tổng kết và thảo luận. 
650 # # |a Vi sinh vật học nông nghiệp. 
700 # # |a Lê Thị Loan,  |c TS.  |e hướng dẫn. 
915 # # |a Sinh học Thực nghiệm  |c Thạc sĩ  |d Trường Đại học Đà lạt  |e Bộ Giáo dục và Đào tạo. 
992 # # |a 0 
994 # # |a DLU 
900 # # |a True 
911 # # |a Đào Thị Thu Huyền 
925 # # |a G 
926 # # |a A 
927 # # |a LA 
980 # # |a Thư viện Trường Đại học Đà Lạt